| 000 | 01156nkm a2200337 c 4500 | ||
|---|---|---|---|
| 999 |
_c210199 _d210199 |
||
| 003 | BLK | ||
| 005 | 20200429160857.0 | ||
| 008 | 180412b bul rap|r|||| r0| ||bulo| | ||
| 010 | _aKNG00162920000 | ||
| 040 | _aBLK | ||
| 041 |
_aDEU _cDEU |
||
| 080 |
_aХудожествени занаяти _b745 _z745 |
||
| 100 | 1 |
_aTschekalow, Alexander Kalinowitsch _eпърви автор _926692 |
|
| 139 |
_aTschekalow, Alexander Kalinowitsch _bT 89 _gЧ 50 А |
||
| 245 | 1 | 0 |
_aRussisches Volksspielzeug _cAlexander Kalinowitsch Tschekalow. |
| 257 | _aSUN | ||
| 260 |
_bVerl. der Kunst _c1972 |
||
| 300 |
_a207 p. _bill. _c28 cm |
||
| 380 | _a7 | ||
| 500 | _aБел. към текст. | ||
| 650 | 4 |
_aХудожествени занаяти _9278025 |
|
| 653 | _aхудожествени занаяти | ||
| 653 | _aдърводелство | ||
| 653 | _aиграчки | ||
| 653 | _aмалки пластики | ||
| 852 | _aЦб Гр А ІІ 2222 | ||
| 856 | 4 |
_qpdf _u |
|
| 856 | 4 |
_qpdf _u |
|
| 942 |
_cGRA _n0 _s1 |
||
| 944 |
_aCR _c10.07.2014 _l10.07.2014 - от С1,Р / 10.07.2014 _kКамелия_Данева |
||
| 944 |
_aED _c10.07.2014 _l10.07.2014 - от С1,Р / 10.07.2014 |
||
| 999 | _d210199 | ||